| 000 | 00651nam a22001937a 4500 | ||
|---|---|---|---|
| 003 | OSt | ||
| 008 | 260629b |||||||| |||| 00| 0 eng d | ||
| 020 | _a9788196224905 | ||
| 082 |
_a891.43308 _bM95V |
||
| 100 | _aMukherjee, Prof. Aashish Kumar | ||
| 245 |
_aVishdhar Bhujang Katha _bPauraanik Maanyata Se Vaigyaanik Drshtikon Tak _cMukherjee, Prof. Aashish Kumar |
||
| 260 |
_aGuwahit, Asam _bInstitute of Advanced Study in Science and Technology _c2023 |
||
| 300 | _avi., 164p. | ||
| 650 | _aSnakes $x Mythology. | ||
| 650 | _aVenomous snakes $z India. | ||
| 650 | _aSnake venoms $x Research. | ||
| 650 | _aMythology, Indic. | ||
| 942 |
_2ddc _cBK |
||
| 999 |
_c52428 _d52428 |
||